<?xml version="1.0" encoding="UTF-8"?>
<record
    xmlns:xsi="http://www.w3.org/2001/XMLSchema-instance"
    xsi:schemaLocation="http://www.loc.gov/MARC21/slim http://www.loc.gov/standards/marcxml/schema/MARC21slim.xsd"
    xmlns="http://www.loc.gov/MARC21/slim">

  <leader>01843nam a2200325   4500</leader>
  <controlfield tag="001">446</controlfield>
  <controlfield tag="003">OSt</controlfield>
  <controlfield tag="005">20250701145021.0</controlfield>
  <controlfield tag="008">250701b        |||||||g |||| 00| j eng d</controlfield>
  <datafield tag="020" ind1=" " ind2=" ">
    <subfield code="a">8532511198</subfield>
  </datafield>
  <datafield tag="040" ind1=" " ind2=" ">
    <subfield code="b">por</subfield>
  </datafield>
  <datafield tag="041" ind1=" " ind2=" ">
    <subfield code="h">eng</subfield>
    <subfield code="a">por</subfield>
  </datafield>
  <datafield tag="082" ind1=" " ind2=" ">
    <subfield code="a">028.5</subfield>
    <subfield code="b">A649i</subfield>
  </datafield>
  <datafield tag="100" ind1="1" ind2=" ">
    <subfield code="a">Applegate, Katherine.</subfield>
    <subfield code="d">1956 -</subfield>
  </datafield>
  <datafield tag="240" ind1=" " ind2=" ">
    <subfield code="a">Animorphs: the invasion</subfield>
  </datafield>
  <datafield tag="245" ind1=" " ind2=" ">
    <subfield code="a">Animorphs:</subfield>
    <subfield code="b">A invas&#xE3;o /</subfield>
    <subfield code="c">Applegate, Katherine; Tradu&#xE7;&#xE3;o de Cristina Band</subfield>
  </datafield>
  <datafield tag="260" ind1=" " ind2=" ">
    <subfield code="a">Rio de Janeiro</subfield>
    <subfield code="b">Rocco</subfield>
    <subfield code="c">2000</subfield>
  </datafield>
  <datafield tag="300" ind1=" " ind2=" ">
    <subfield code="a">148 p.</subfield>
  </datafield>
  <datafield tag="520" ind1=" " ind2=" ">
    <subfield code="a">A Terra est&#xE1; sendo invadida, mas (quase) ningu&#xE9;m sabe disso. A ra&#xE7;a alien&#xED;gena dos Yeerks est&#xE1; entre n&#xF3;s. Eles s&#xE3;o criaturas capazes de "possuir" outros seres e estar em nosso meio sem serem percebidos. Os Yeerks j&#xE1; escravizaram civiliza&#xE7;&#xF5;es inteiras com essa t&#xE1;tica de invas&#xE3;o silenciosa. Mas nem tudo est&#xE1; perdido! Quando os jovens Jake, Rachel, Tobias, Cassie e Marco encontram uma nave extraterrestre e seu piloto moribundo, recebem o incr&#xED;vel poder de se transformar em qualquer animal que toquem. E &#xE9; assim que eles assumem a miss&#xE3;o de combater os invasores. S&#xF3; que isso n&#xE3;o ser&#xE1; nada f&#xE1;cil. Afinal, como eles conseguir&#xE3;o identificar um inimigo que pode ser qualquer um? Como enfrentar um invasor que dominou o corpo de algu&#xE9;m que voc&#xEA; conhece? Jake e seus amigos precisam achar essas respostas. O destino de todos n&#xF3;s depende disso. A invas&#xE3;o j&#xE1; come&#xE7;ou. Testemunhe a batalha final da humanidade.</subfield>
  </datafield>
  <datafield tag="650" ind1=" " ind2="0">
    <subfield code="a">Literatura Americana</subfield>
    <subfield code="9">84</subfield>
  </datafield>
  <datafield tag="650" ind1=" " ind2="0">
    <subfield code="a">Invas&#xE3;o alien&#xED;gena</subfield>
    <subfield code="9">986</subfield>
  </datafield>
  <datafield tag="650" ind1=" " ind2="0">
    <subfield code="a">Adolescentes como her&#xF3;is</subfield>
    <subfield code="9">987</subfield>
  </datafield>
  <datafield tag="650" ind1=" " ind2="0">
    <subfield code="a">Infantojuvenil</subfield>
    <subfield code="9">200</subfield>
  </datafield>
  <datafield tag="650" ind1=" " ind2="0">
    <subfield code="a">Transforma&#xE7;&#xE3;o em animais</subfield>
    <subfield code="9">988</subfield>
  </datafield>
  <datafield tag="655" ind1=" " ind2="0">
    <subfield code="a">Romance</subfield>
    <subfield code="9">23</subfield>
  </datafield>
  <datafield tag="655" ind1=" " ind2="0">
    <subfield code="a">Fic&#xE7;&#xE3;o </subfield>
    <subfield code="9">22</subfield>
  </datafield>
  <datafield tag="700" ind1=" " ind2=" ">
    <subfield code="a">Cristina Band</subfield>
    <subfield code="e">TRADUTOR</subfield>
    <subfield code="9">984</subfield>
  </datafield>
  <datafield tag="830" ind1=" " ind2=" ">
    <subfield code="a">Animorphs </subfield>
    <subfield code="9">985</subfield>
    <subfield code="v">vol. 01</subfield>
  </datafield>
  <datafield tag="942" ind1=" " ind2=" ">
    <subfield code="2">ddc</subfield>
    <subfield code="n">0</subfield>
    <subfield code="c">BK</subfield>
  </datafield>
  <datafield tag="952" ind1=" " ind2=" ">
    <subfield code="0">0</subfield>
    <subfield code="1">0</subfield>
    <subfield code="2">ddc</subfield>
    <subfield code="3">vol. 1</subfield>
    <subfield code="4">0</subfield>
    <subfield code="7">0</subfield>
    <subfield code="8">FIC</subfield>
    <subfield code="a">BIBIB</subfield>
    <subfield code="b">BIBIB</subfield>
    <subfield code="c">IJ</subfield>
    <subfield code="d">2025-07-01</subfield>
    <subfield code="e">doa&#xE7;&#xE3;o</subfield>
    <subfield code="l">0</subfield>
    <subfield code="o">IJ 028.5 / A649i</subfield>
    <subfield code="p">2025-17377</subfield>
    <subfield code="r">2025-07-01 08:45:58</subfield>
    <subfield code="w">2025-07-01</subfield>
    <subfield code="y">BK</subfield>
  </datafield>
  <datafield tag="999" ind1=" " ind2=" ">
    <subfield code="c">446</subfield>
    <subfield code="d">446</subfield>
  </datafield>
</record>
